History of Bangladesh, 1704 - 1971 (3 Volumes)
| Auteur principal: | |
|---|---|
| Format: | Inconnue |
| Publié: |
Asiatic Society of Bangladesh
|
| LEADER | 00258 a2200097 4500 | ||
|---|---|---|---|
| 020 | |a 9789845123372 | ||
| 100 | |a Sirajul Islam, et al. |9 55294 | ||
| 245 | |a History of Bangladesh, 1704 - 1971 (3 Volumes) | ||
| 260 | |b Asiatic Society of Bangladesh | ||
| 942 | |c BK | ||
| 999 | |c 46068 |d 46068 | ||